| 000 | 004570000a22001810004500 | ||
|---|---|---|---|
| 003 | MACL | ||
| 005 | 20160108122948.0 | ||
| 008 | 160108b xxu||||| |||| 00| 0 eng d | ||
| 040 |
_aMACL _cMACL |
||
| 041 | _aEnglish | ||
| 082 | _a920/BAI | ||
| 100 |
_aBaig, Tara Ali _91043 |
||
| 245 |
_aPortrait of A Patriot` _bSarojini Naidu |
||
| 260 |
_bCongress Centenary _c1985 _aNew Delhi |
||
| 350 | _a6 | ||
| 650 |
_aBiography _929566 |
||
| 942 |
_cBK _k920/Bai _2ddc |
||
| 999 |
_c34492 _d34492 |
||